| 000 | 00403nam a2200145 a 4500 | ||
|---|---|---|---|
| 001 | 4389 | ||
| 003 | CDMR | ||
| 005 | 20130116135255.0 | ||
| 008 | 130130s1994||||||||||||||||||||||||||||d | ||
| 040 |
_aCDMR _bcat _cCPC GIRONA |
||
| 245 | 3 | _aEl periodisme que ve | |
| 260 |
_c1994 _bCol·legi de Periodistes de Catalunya |
||
| 490 | 0 |
_aAnnals del Periodisme CatalĂ _v25 (juliol-desembre 1994) _92705 |
|
| 942 | _cMON | ||
| 999 |
_c4389 _d4389 |
||